Identify the Planets - Statistics

General Stats
  • This quiz has been taken 26 times
  • The average score is 8 of 8
Answer Stats
Picture Answer % Correct
Saturn
100%
Venus
100%
Earth
96%
Mars
96%
Neptune
96%
Jupiter
91%
Uranus
91%
Mercury
83%
No matching quizzes found
Score Distribution
Percent of People with Each Score
Percentile by Number Answered
Your Score History
You have not taken this quiz